Hội ba làng kẻ
Spremljeno u:
| Format: | Knjiga |
|---|---|
| Jezik: | Vietnamese |
| Izdano: |
H.
Văn hóa dân tộc
2011
|
| Serija: | ĐTTS ghi: Hội văn nghệ dân gian Việt Nam
|
| Oznake: |
Dodaj oznaku
Bez oznaka, Budi prvi tko označuje ovaj zapis!
|
| Thư viện lưu trữ: | Mạng thư viện Đại học Đà Nẵng |
|---|
| LEADER | 00639nam a2200241 4500 | ||
|---|---|---|---|
| 001 | 000016140 | ||
| 003 | 12532 | ||
| 005 | 20120719150752.0 | ||
| 008 | 120719s2011 viesd | ||
| 041 | 0 | |a vie | |
| 082 | |a 398.0959731 |b HÔI | ||
| 245 | 0 | |a Hội ba làng kẻ |c Nguyễn Tọa | |
| 260 | |a H. |b Văn hóa dân tộc |c 2011 | ||
| 300 | |a 191 tr. |c 21 cm. | ||
| 490 | |a ĐTTS ghi: Hội văn nghệ dân gian Việt Nam | ||
| OWN | |a LSP | ||
| 999 | |a From the UDN01 | ||
| TYP | |a Monograph | ||
| TYP | |a Printed language | ||
| 980 | |a Mạng thư viện Đại học Đà Nẵng | ||